000 00216nam a22000857a 4500
999 _c4751
_d4751
008 161209b xxu||||| |||| 00| 0 eng d
020 _a9788123902517
100 _91956
_aIrodow
245 _aPhysics Problems in General
260 _aNew Delhi
_bCBS
_c2000